000 00240nam a22000977a 4500
008 230301b |||||||| |||| 00| 0 eng d
245 _aAmar Ujala
260 _aJammu
_bAmar Ujala Publications Ltd
_c2023
300 _a12
942 _2ddc
_cN
_s1
999 _c19926
_d19926